| 000 | 00432nam a2200193Ia 4500 | ||
|---|---|---|---|
| 008 | 170918s9999 xx 000 0 und d | ||
| 020 | _a9780545078658 | ||
| 050 | _bH645ki 2009 | ||
| 100 | _aHill, Lexie | ||
| 245 | _aKissing Booth / | ||
| 245 | _cby Lexie Hill. | ||
| 260 | _aNew York : | ||
| 260 | _bPoint, | ||
| 260 | _c2009 | ||
| 300 | _a248 pages : | ||
| 300 | _billustrations ; | ||
| 300 | _c20cm. | ||
| 500 | _a780 | ||
| 999 |
_c343773 _d343773 |
||